Southville International School and Colleges
Your cart is empty.
  • Cart
  • Lists
    Public lists Eva Luna New books Lux_list list_1
    Your lists Log in to create your own lists
  • Log in to your account
  • Your cookies
  • Search history
Southville International School and Colleges
  • Advanced search
  • Recent comments
  • Most popular
  • Libraries

Log in to your account

Log in with GOOGLE


If you do not have an external account, but do have a local account, you can still log in:

  1. Home
  2. MARC view: First 1000 words /
Normal view MARC view ISBD view

First 1000 words / (Record no. 113524)

[ view plain ]
MARC details
000 -LEADER
fixed length control field 00440nam a2200169 a 4500
001 - CONTROL NUMBER
control field 0313
005 - DATE AND TIME OF LATEST TRANSACTION
control field 20140414132024.0
008 - FIXED-LENGTH DATA ELEMENTS--GENERAL INFORMATION
fixed length control field 040116s19uu xx 00 eng d
020 ## - INTERNATIONAL STANDARD BOOK NUMBER
International Standard Book Number 9781741579536
050 ## - LIBRARY OF CONGRESS CALL NUMBER
Classification number TR 423.1
Item number F44 2006
100 ## - MAIN ENTRY--PERSONAL NAME
Personal name Haydon, Julie
245 #0 - TITLE STATEMENT
Title First 1000 words /
Statement of responsibility, etc Julie Haydon.
260 ## - PUBLICATION, DISTRIBUTION, ETC. (IMPRINT)
Place of publication, distribution, etc Philippines :
Name of publisher, distributor, etc WS Pacific,
Date of publication, distribution, etc 2006.
300 ## - PHYSICAL DESCRIPTION
Extent 90 p. ; cm.
650 ## - SUBJECT ADDED ENTRY--TOPICAL TERM
Topical term or geographic name as entry element Picture book of words.
Holdings
Withdrawn status Lost status Damaged status Home library Current library Shelving location Date acquired Source of acquisition Total Checkouts Full call number Barcode Date last seen Price effective from Koha item type
      Munich Library Munich Library Teachers Reference Section 03/15/2011     TR 423.1 F44 2006 M5104 04/14/2014 04/14/2014 Books

First 1000 words /

APA

Haydon J., . (2006). First 1000 words. Philippines: WS Pacific.

Chicago

Haydon Julie, . 2006. First 1000 words. Philippines: WS Pacific.

Harvard

Haydon J., . (2006). First 1000 words. Philippines: WS Pacific.

MLA

Haydon Julie, . First 1000 words. Philippines: WS Pacific. 2006.

  • Place hold
  • Print
  • Cite
  • Add to your cart (remove)
  • Save record
    BIBTEX Dublin Core MARCXML MARC (non-Unicode/MARC-8) MARC (Unicode/UTF-8) MARC (Unicode/UTF-8, Standard) MODS (XML) RIS
  • More searches
    Search for this title in:
    Other Libraries (WorldCat) Other Databases (Google Scholar) Online Stores (Bookfinder.com) Open Library (openlibrary.org)

Exporting to Dublin Core...

SOUTHVILLE LIBRARY

Southville International School and Colleges Library

1281 Tropical Ave. Cor. Luxembourg St., BF Homes International, Las Pinas City

Tel. No. 8256374 / 252358 Loc. 117/146

Powered by Koha